000 00499nam a2200145 i 4500
001 88421
003 ES-MaACL
005 20230906175846.0
007 t|
008 050104s1922 sp ||||1| spa d
100 1 _aLandeta y Aburto, Eduardo de.
_969948
245 1 3 _aEl bilingüismo escolar
_b: discurso leído en el tercer Congreso de Estudios Vascos celebrado en Guernica en septiembre de 1922 /
_cEduardo de Landeta y Aburto.
260 _aBilbao :
_b[s.n.,
_c1922]
852 _aES-MaACL
_j1640-F-3
999 _c88421
_d88421